00316nam a2200109 a 450000500170000000800410001705000180005810000170007624500450009326000310013844000370016920140414132118.0111122s19uu xx 00 eng d aERbW72H 1996 aKidd, Ronald aThe honey cake mix-up /cby Ronald Kidd. bAdvance publishers,c1996. aDisney's out and about with Pooh